书目信息 |
| 题名: |
摄影构图的最佳选择
|
|
| 作者: | 韦伯 著 ;贺西安 , 李海靖 译 | |
| 分册: | ||
| 出版信息: | 北京 中国摄影出版社 1993.9 |
|
| 页数: | 159页 | |
| 开本: | 21cm | |
| 丛书名: | 摄影家参考丛书 | |
| 单 册: | ||
| 中图分类: | J406 | |
| 科图分类: | ||
| 主题词: | 摄影艺术--美术理论 | |
| 电子资源: | ||
| ISBN: | 7-80007-086-7 | |
| 000 | 00800nam2 2200253 45 | |
| 001 | 0012251659 | |
| 005 | 20041209155053.2 | |
| 010 | @a7-80007-086-7@dCNY13.00 | |
| 100 | @a20001225d1993 km y0chiy0120 ea | |
| 101 | 0 | @achi@cger |
| 105 | @a z 000yy | |
| 200 | 1 | @a摄影构图的最佳选择@AShe Ying Gou Tu De Zui Jia Xuan Ze@f(德)恩斯特·韦伯著@F(De)En Si Te·Wei Bo Zhu@g贺西安,李海靖译 |
| 210 | @a北京@c中国摄影出版社@d1993.9 | |
| 215 | @a159页@c附图@d21cm | |
| 225 | @a摄影家参考丛书@f陈申主编 | |
| 410 | @12001 @a摄影家参考丛书 | |
| 410 | @1700 0@a陈申@AChen Shen@4主编 | |
| 606 | 0 | @a摄影艺术@x美术理论 |
| 690 | @aJ406@v1 | |
| 701 | 0 | @a韦伯@4著 |
| 702 | 0 | @a贺西安@AHe Xi An@4译 |
| 702 | 0 | @a李海靖@ALi Hai Jing@4译 |
| 801 | @aCN@bTSTC@c20001225 | |
| 905 | @b294293-297@dJ406@e113@f5 | |
| 摄影构图的最佳选择/(德)恩斯特·韦伯著/贺西安,李海靖译.-北京:中国摄影出版社,1993.9 |
| 159页:附图;21cm.-(摄影家参考丛书/陈申主编) |
| ISBN 7-80007-086-7:CNY13.00 |
| ● |
| 相关链接 |
|
|
|
|
正题名:摄影构图的最佳选择
索取号:J406/113
 
预约/预借
| 序号 | 登录号 | 条形码 | 馆藏地/架位号 | 状态 | 备注 |
| 1 | 0294293 | 002942935 | 第一借阅区/ [索取号:J406/113] | 在馆 | |
| 2 | 0294294 | 002942944 | 第一借阅区/ [索取号:J406/113] | 在馆 | |
| 3 | 0294295 | 002942953 | 第一借阅区/ [索取号:J406/113] | 在馆 | |
| 4 | 0294296 | 002942962 | 第一借阅区/ [索取号:J406/113] | 在馆 | |
| 5 | 0294297 | 002942971 | 第一样本阅览室/ [索取号:J406/113] | 在馆 |